000 00426nam a2200169Ia 4500
003 GCL
008 140319s9999 xx 000 0 eng d
040 _aGCL /
_cGCL
082 0 4 _a750.1
_bH N
100 1 _aHALMES, C.J.
245 1 0 _aNOTES ON THE SCIENCE OF PICTURE MAKING /
_cHALMES, C.J.
260 _a[S.N] :
_bCHATTO & URIN DUS ،
_c1927
300 _a325 P
650 0 4 _aARTS
650 0 4 _aPAINTING
942 _2ddc
_cBK
999 _c19497
_d19497